Mạch tạo tín hiệu nấc thang thay đổi từ 2 đến 10 nấc (2KHZ - 6volt)

Uloženo v:
Podrobná bibliografie
Hlavní autor: Hồ Tấn Minh
Médium: Kniha
Jazyk:Undetermined
Vydáno: Cần Thơ Viện Đại Học Cần Thơ - Đại Học Khoa Học - Ban Khoa Học ứng Dụng 1973
Témata:
Tagy: Přidat tag
Žádné tagy, Buďte první, kdo otaguje tento záznam!
Thư viện lưu trữ: Trung tâm Học liệu Trường Đại học Cần Thơ
LEADER 00697nam a2200181Ia 4500
001 CTU_33875
008 210402s9999 xx 000 0 und d
082 |a 621.381 
082 |b M312 
100 |a Hồ Tấn Minh 
245 0 |a Mạch tạo tín hiệu nấc thang thay đổi từ 2 đến 10 nấc (2KHZ - 6volt) 
245 0 |c Hồ Tấn Minh, Ngô Minh Quang 
260 |a Cần Thơ 
260 |b Viện Đại Học Cần Thơ - Đại Học Khoa Học - Ban Khoa Học ứng Dụng 
260 |c 1973 
650 |a electric circuits,electronics,semiconductors,transistor 
904 |i Minh, 991112 
980 |a Trung tâm Học liệu Trường Đại học Cần Thơ